|
|
|
|
| LEADER |
00000nam a2200000 a 4500 |
| 001 |
vtls011747057 |
| 003 |
SK-MaSNL |
| 005 |
20260301182941.0 |
| 008 |
200205s1878 xo a 0 an0 slo |
| 015 |
|
|
|a SNBHFA1878
|
| 035 |
|
|
|a urn:nbn:sk:snk-am00d6b2
|
| 035 |
|
|
|a urn:nbn:sk:snk-am3hr4x
|
| 035 |
|
|
|a 00043A83-549F-4946-B2E9-5E654064FF6A
|
| 040 |
|
|
|a SNKHF
|b slo
|c SNK
|e AACR2
|
| 041 |
0 |
|
|a slo
|
| 044 |
|
|
|a xo
|c SK
|
| 072 |
|
7 |
|a 783
|x Cirkevná hudba. Duchovná hudba. Náboženská hudba
|2 konspekt
|
| 080 |
|
|
|a 783.6
|2 2011
|
| 130 |
0 |
|
|a Nábožná
|9 302786
|
| 245 |
1 |
0 |
|a Nábožná Pjseň k Paně Maryi Bolestné
|
| 260 |
|
|
|a W Skalici
|b u dědičů J. Škarnicla
|c 1878
|
| 300 |
|
|
|a [15] s.
|c 10 cm
|
| 500 |
|
|
|a Titulná strana s drevorezom
|
| 501 |
|
|
|a Prív. 6. k: Nábožná Pjseň o blahoslawené Panně Maryi Šassinské. W Skalicy : u Skarnycla Synů, 1873.
|5 SNK SE 127/1-10/prív.6
|
| 546 |
|
|
|a Slovenčina
|b Fraktúra
|
| 650 |
0 |
7 |
|a duchovné piesne
|2 SNKPH
|9 1928
|
| 710 |
2 |
|
|a Škarnicel, Jozef - dedičia (Skalica, Slovensko)
|4 prt
|9 189503
|
| 752 |
|
|
|a Slovensko
|d Skalica
|
| 852 |
|
|
|a SNK
|p SE 127/1-10/prív.6
|
| 958 |
|
|
|a ONDV
|
| 999 |
|
|
|c 855305
|d 857235
|
| 952 |
|
|
|a SNK
|b SNK
|y PREZ
|7 0
|p 17A1300234
|o snkSE 127/1-10/prív.6
|i snk4597/28
|0 0
|1 0
|4 0
|d 2018-03-20
|f 1
|l 0
|r 2026-02-24 04:54:39
|w 2026-02-24
|